Tribal development in western India / (Record no. 80842)

MARC details
000 -LEADER
fixed length control field 00651nam a22002057a 4500
005 - DATE AND TIME OF LATEST TRANSACTION
control field 20140306154850.0
010 ## - LCCN (DPL NO)
LC control number ENG-108669
020 ## - INTERNATIONAL STANDARD BOOK NUMBER
International Standard Book Number 9780415710060
Terms of availability 895.00
035 ## - SYSTEM CONTROL NUMBER
System control number EN-92202
037 ## - SOURCE OF ACQUISITION
Source of stock number/acquisition DBAD/PUB
082 ## - DEWEY DECIMAL CLASSIFICATION NUMBER
Classification number 307.141720954
245 ## - TITLE STATEMENT
Title Tribal development in western India /
Statement of responsibility, etc edited by Amita Shah [and] Jharna Pathak
260 ## - PUBLICATION, DISTRIBUTION, ETC. (IMPRINT)
Place of publication, distribution, etc New Delhi
Name of publisher, distributor, etc Routledge
Date of publication, distribution, etc 2014
270 ## - ADDRESS
Address 912 Tolstory House,15-17 Tolstoy Marg, Connaught Place
City New Delhi
Postal code 110001
300 ## - PHYSICAL DESCRIPTION
Extent xxiv,344p.
Dimensions 22cm(Hb)
500 ## - GENERAL NOTE
General note Includes index
700 ## - ADDED ENTRY--PERSONAL NAME
Personal name Shah, Amita
700 ## - ADDED ENTRY--PERSONAL NAME
Personal name Pathak, Jharna
942 ## - ADDED ENTRY ELEMENTS (KOHA)
Source of classification or shelving scheme Dewey Decimal Classification
Item type English Books
Call number suffix TRI
Classification part 307.141720954
Holdings
Withdrawn status Lost status Not for loan Collection code Home library Current library Date acquired Source of acquisition Cost, normal purchase price Full call number Barcode Copy number Cost, replacement price Koha item type
    Not For Loan Non-fiction D.B.Act.Division D.B.Act.Division 26/11/2013 DBAD/PUB 895.00 307.141720954 TRI EN-92202 1 895.00 English Books

© Delhi Public Library
Hit Counter
free hit counter